| 000 | 00573nam a2200181 a 4500 | ||
|---|---|---|---|
| 001 | 000029802 | ||
| 005 | 20200930055822.0 | ||
| 008 | 110426s1983 dr 000 0 spa d | ||
| 040 |
_aDO-SdBNP _bspa _cBNPHU |
||
| 082 |
_axxx _bM255h |
||
| 100 | 1 |
_aMallo, Antonio _956555 |
|
| 245 | 1 | 0 |
_aHumanismo cristiano, conceptos cristianos de la persona : _bsolución para hoy a un problema de siempre / _cAntonio Mallo. |
| 260 |
_aSanto Domingo : _bUniversidad CETEC, _c1983. |
||
| 300 |
_a31 p. ; _c22 cm. |
||
| 490 | 1 |
_aEnsayos _v12 |
|
| 830 | 0 |
_aEnsayos _n12 _956556 |
|
| 049 | _aBNPD | ||
| 999 |
_c29294 _d29294 |
||